000 00557nam a2200217Ia 4500
003 OSt
005 20220918214100.0
006 a|||||r|||| 00| 0
007 ta
008 220917b |||||||| |||| 00| 0 eng d
024 _a135,774
037 _cTextual
040 _aARTS
_cARTS
_beng
041 _2eng
_aeng
082 _aX724.2.N7, L9
245 0 _aTwo in one income tax act and income tax rules
260 _aN.D
_btaxation Pub
_c1979
650 _aECONOMICS
942 _hX724.2.N7, L9
_cTEXL
_2CC
999 _c258866
_d258866